000 00362nam a22001457a 4500
003 OSt
005 20160727222342.0
008 160620b xxu||||| |||| 00| 0 eng d
040 _cTEST
100 _9135
_aBryant, R
245 _aLittle Red Riding Hood
_bLittle Red Riding Hood
260 _aTormont Pub.
_c1998
300 _aLittle Red Riding Hood
942 _2ddc
_cBK
999 _c107
_d107